<?xml version="1.0" encoding="UTF-8"?>
<record
    xmlns:xsi="http://www.w3.org/2001/XMLSchema-instance"
    xsi:schemaLocation="http://www.loc.gov/MARC21/slim http://www.loc.gov/standards/marcxml/schema/MARC21slim.xsd"
    xmlns="http://www.loc.gov/MARC21/slim">

  <leader>00259nam a22001097a 4500</leader>
  <datafield tag="040" ind1=" " ind2=" ">
    <subfield code="c">HS</subfield>
  </datafield>
  <datafield tag="082" ind1=" " ind2=" ">
    <subfield code="a">495</subfield>
  </datafield>
  <datafield tag="100" ind1=" " ind2=" ">
    <subfield code="a">&#x179F;&#x17B7;&#x179A;&#x17B7; &#x1798;&#x17C9;&#x17B6;&#x179A;&#x178C;&#x17B8;</subfield>
  </datafield>
  <datafield tag="245" ind1=" " ind2=" ">
    <subfield code="a">&#x17A2;&#x1784;&#x17CB;&#x1782;&#x17D2;&#x179B;&#x17C1;&#x179F;</subfield>
  </datafield>
  <datafield tag="260" ind1=" " ind2=" ">
    <subfield code="a">RUA</subfield>
    <subfield code="b">&#x179F;&#x17B7;&#x179A;&#x17B7; &#x1798;&#x17C9;&#x17B6;&#x179A;&#x178C;&#x17B8;</subfield>
    <subfield code="c">2009</subfield>
  </datafield>
  <datafield tag="942" ind1=" " ind2=" ">
    <subfield code="c">EK</subfield>
  </datafield>
  <datafield tag="999" ind1=" " ind2=" ">
    <subfield code="c">8462</subfield>
    <subfield code="d">8462</subfield>
  </datafield>
  <datafield tag="952" ind1=" " ind2=" ">
    <subfield code="0">0</subfield>
    <subfield code="1">0</subfield>
    <subfield code="4">0</subfield>
    <subfield code="6">495_000000000000000_&#x179F;&#x17B7;&#x179A;&#x17B7;_2009_C185_OR_1</subfield>
    <subfield code="7">0</subfield>
    <subfield code="9">48479</subfield>
    <subfield code="a">LBC</subfield>
    <subfield code="b">LBC</subfield>
    <subfield code="c">C185</subfield>
    <subfield code="d">2016-08-02</subfield>
    <subfield code="o">495 &#x179F;&#x17B7;&#x179A;&#x17B7; 2009 C185 Or.1</subfield>
    <subfield code="p">RUA061672</subfield>
    <subfield code="r">2016-08-02</subfield>
    <subfield code="y">EK</subfield>
  </datafield>
  <datafield tag="952" ind1=" " ind2=" ">
    <subfield code="0">0</subfield>
    <subfield code="1">0</subfield>
    <subfield code="4">0</subfield>
    <subfield code="6">495_000000000000000_&#x179F;&#x17B7;&#x179A;&#x17B7;_2009_C185_OR_2</subfield>
    <subfield code="7">0</subfield>
    <subfield code="9">48481</subfield>
    <subfield code="a">LBC</subfield>
    <subfield code="b">LBC</subfield>
    <subfield code="c">C185</subfield>
    <subfield code="d">2016-08-02</subfield>
    <subfield code="o">495 &#x179F;&#x17B7;&#x179A;&#x17B7; 2009 C185 Or.2</subfield>
    <subfield code="p">RUA061899</subfield>
    <subfield code="r">2016-08-02</subfield>
    <subfield code="y">EK</subfield>
  </datafield>
  <datafield tag="952" ind1=" " ind2=" ">
    <subfield code="0">0</subfield>
    <subfield code="1">0</subfield>
    <subfield code="4">0</subfield>
    <subfield code="6">495_000000000000000_&#x179F;&#x17B7;&#x179A;&#x17B7;_2009_C185_OR_3</subfield>
    <subfield code="7">0</subfield>
    <subfield code="9">48482</subfield>
    <subfield code="a">LBC</subfield>
    <subfield code="b">LBC</subfield>
    <subfield code="c">C185</subfield>
    <subfield code="d">2016-08-02</subfield>
    <subfield code="o">495 &#x179F;&#x17B7;&#x179A;&#x17B7; 2009 C185 Or.3</subfield>
    <subfield code="p">RUA047104</subfield>
    <subfield code="r">2016-08-02</subfield>
    <subfield code="y">EK</subfield>
  </datafield>
</record>
